000 00377nam a2200145Ia 4500
008 230917s9999||||xx |||||||||||||| ||und||
040 _e242710
_aMAIN
041 _aEnglish
082 _a373 A59E
100 _aAnju Rani
245 0 _aEffect of smart classroom on academic achievement motivation of 10th class students
260 _c2015
300 _a152 p.
942 _cTH
999 _c127304
_d127304